Jane The Virgin Cast Quiz Stats

Quiz not verified by Sporcle

Challenge
Share
Tweet
Score 0/10 Timer 04:00
1 Play Today
% Correct
Jane Villanueva
98.4%
Rafael Solano
97.3%
Michael Cordero Jr.
97.3%
Young Jane
96.3%
Alba Villanueva
96.2%
Rogelio de la Vega
96.2%
Narrator
96.2%
Petra Solano
96%
Xiomara Villanueva
95.7%
Luisa Alver
95.2%

You're not logged in!

Compare scores with friends on all Sporcle quizzes.
Join for Free
OR
Log In

You Might Also Like...

Show Comments

Extras

Top Quizzes Today


Score Distribution

Your Account Isn't Verified!

In order to create a playlist on Sporcle, you need to verify the email address you used during registration. Go to your Sporcle Settings to finish the process.

Report this User

Report this user for behavior that violates our Community Guidelines.

Details: